| 000 | 00357nam a22001457a 4500 | ||
|---|---|---|---|
| 020 | _a81-7301-219-9 | ||
| 082 |
_a823 _bDRE/W |
||
| 100 | _aDREAMLAND | ||
| 245 |
_aTAESOP'S FABLESHE WIND AND THE SUN _bAESOP'S FABLES |
||
| 260 |
_aDELHI _bDREAMLAND |
||
| 300 | _a16 | ||
| 520 | _aENGLISH SHORT STORIES | ||
| 650 |
_aENGLISH SHORT STORIES _zDELHI |
||
| 942 | _cBK | ||
| 999 |
_c5096 _d5096 |
||